Central Library OPAC University of Rajshahi

William Wordsworth : (Record no. 77338)

MARC details
000 -LEADER
fixed length control field 00936nam a2200289 a 4500
001 - CONTROL NUMBER
control field 77338
003 - CONTROL NUMBER IDENTIFIER
rucl marc code BD-RjUL
005 - DATE AND TIME OF LATEST TRANSACTION
control field 20211209082948.0
008 - FIXED-LENGTH DATA ELEMENTS--GENERAL INFORMATION
fixed length control field 200315s1968 enkabcf b 000 0beng d
035 ## - SYSTEM CONTROL NUMBER
System control number OCLC ocm00039491 from D960506M
System control number (BD-RjUL)77563
040 ## - CATALOGING SOURCE
Original cataloging agency DLC
Transcribing agency DLC
Modifying agency UKM
-- EQO
-- BD-RjUL
Language of cataloging eng
041 ## - LANGUAGE CODE
Language code of text/sound track or separate title eng
082 ## - DEWEY DECIMAL CLASSIFICATION NUMBER
Edition number 23
Classification number 821.7
Author mark and year MOW 1968
100 1# - MAIN ENTRY--PERSONAL NAME
Personal name Moorman, Mary Trevelyan,
Dates associated with a name 1905-
9 (RLIN) 240921
245 10 - TITLE STATEMENT
Title William Wordsworth :
Remainder of title a biography /
Statement of responsibility, etc. by Mary Moorman.
260 ## - PUBLICATION, DISTRIBUTION, ETC. (IMPRINT)
Place of publication, distribution, etc. London :
Name of publisher, distributor, etc. Oxford University Press,
Date of publication, distribution, etc. 1968.
300 ## - PHYSICAL DESCRIPTION
Pagination 386 :
Illustrations ill.
Size 21 cm.
490 1# - SERIES STATEMENT
Series statement Oxford paperbacks ;
Volume/sequential designation 145, 146
504 ## - BIBLIOGRAPHY, ETC. NOTE
Bibliography, etc Includes bibliographical footnotes.
600 10 - SUBJECT ADDED ENTRY--PERSONAL NAME
Personal name Wordsworth, William,
Dates associated with a name 1770-1850.
650 #0 - SUBJECT ADDED ENTRY--TOPICAL TERM
Topical term or geographic name as entry element Poets, English
Chronological subdivision 19th century
Form subdivision Biography.
9 (RLIN) 240923
830 #0 - SERIES ADDED ENTRY--UNIFORM TITLE
Uniform title Oxford paperbacks ;
Volume number/sequential designation 145, 146.
942 ## - ADDED ENTRY ELEMENTS (KOHA)
Source of classification or shelving scheme Dewey Decimal Classification
Koha item type Books
Holdings
Lost status Source of classification or shelving scheme Damaged status Not for loan Collection code Permanent Location Current Location Shelving location Date acquired Total Checkouts Full call number Date last seen Copy number Koha item type
  Dewey Decimal Classification   Not For Loan Non-fiction Central Library, University of Rajshahi Central Library, University of Rajshahi Reading Room 15/03/2020   821.7 MOW 1968 15/03/2020 C-1 Books